000 00522nam a2200217Ia 4500
003 OSt
005 20220924140446.0
006 a|||||r|||| 00| 0
007 ta
008 220923b |||||||| |||| 00| 0 ben d
024 _a295224
037 _cTextual
040 _aARTS
_cARTS
_bben
041 _2ben
_aben
082 _aO158,2NBA,1, K7
245 0 _aMeghnath vadh
260 _c1967
650 _aASSAMESE LITERATURE
_911738
942 _hO158,2NBA,1, K7
_cTEXL
_2CC
999 _c444390
_d444390